Tambien la lluvia Ακόμα και η βροχή = Even the rain
Ένας σκηνοθέτης, ο Σεμπάστιαν, πηγαίνει στη Βολιβία για να γυρίσει μια ταινία για το Χριστόφορο Κολόμβο, πέρα από το μύθο, για τον εξερευνητή των θαλασσών που δεν ήθελε απλά να εκχριστιανίσει τους ινδιάνους αλλά είχε εμμονή με το χρυσό και έκανε σκλάβους τους ιθαγενείς που του αντιστάθηκαν. Στην πόλ...
Αποθηκεύτηκε σε:
| Άλλοι συγγραφείς: | , , |
|---|---|
| Μορφή: | |
| Γλώσσα: | Spanish Greek |
| Δημοσίευση: |
[S.l.] :
Audio Visual Enterprises,
c2011.
|
| Θέματα: | |
| Ετικέτες: |
Προσθήκη ετικέτας
Δεν υπάρχουν, Καταχωρήστε ετικέτα πρώτοι!
|
MARC
| LEADER | 00000cgm a2200000 i 4500 | ||
|---|---|---|---|
| 001 | 1/26365 | ||
| 008 | 130222s2011 xx ||| | || ||spa|| | ||
| 035 | |l 10113819 | ||
| 040 | |a GR-MyUa |b gre |e AACR2 | ||
| 041 | 0 | |a spa |j gre | |
| 082 | 7 | |a 791.437 |2 (22) | |
| 245 | 0 | 0 | |a Tambien la lluvia |h [μαγνητοσκόπηση] = |b Ακόμα και η βροχή = Even the rain / |c directed by Iciar Bollain. |
| 246 | 1 | |i Παράλληλος τίτλος: |a Even the rain | |
| 246 | 1 | |i Παράλληλος τίτλος: |a Ακόμα και η βροχή | |
| 260 | |a [S.l.] : |b Audio Visual Enterprises, |c c2011. | ||
| 300 | |a 1 βιντεοδίσκος (99 λεπτ.) : |b ομίλ., έγχρ. ; |c 4 3/4 ίν. | ||
| 500 | |a Κυκλοφόρησε πρώτη φορά ως κινηματογραφική ταινία το 2010. | ||
| 508 | |a Σενάριο, Paul Laverty ; παραγωγή, Juan Gordon ; μουσική, Alberto Iglesias. | ||
| 511 | 0 | |a Luis Tosar, Gael Garcia Bernal, Juan Carlos Aduviri, Karra Elejalde, Carlos Santos, Raul Arevalo. | |
| 520 | 8 | |a Ένας σκηνοθέτης, ο Σεμπάστιαν, πηγαίνει στη Βολιβία για να γυρίσει μια ταινία για το Χριστόφορο Κολόμβο, πέρα από το μύθο, για τον εξερευνητή των θαλασσών που δεν ήθελε απλά να εκχριστιανίσει τους ινδιάνους αλλά είχε εμμονή με το χρυσό και έκανε σκλάβους τους ιθαγενείς που του αντιστάθηκαν. Στην πόλη όπου πραγματοποιούνται τα γυρίσματα τα αποθέματα νερού πωλούνται σε μια πολυεθνική και οι ιθαγενείς καλούνται 500 χρόνια μετά από την έλευση του Κολόμβου να παλέψουν όχι για το χρυσάφι αυτή τη φορά αλλά για το πιο απλό αλλά και πολύτιμο αγαθό... το νερό. | |
| 546 | |a Στα ισπανικά με υπότιτλους στα ελληνικά. | ||
| 650 | 0 | |a Protest movements |v Drama. | |
| 655 | 7 | |a Feature films |2 lcgft | |
| 700 | 1 | |a Bollain, Iciar, |d 1967- |e drtf | |
| 700 | 1 | |a Tosar, Luis, |e act | |
| 700 | 1 | |a Garcia Bernal, Gael, |d 1978- |e act | |
| 852 | |a INST |b SYROS |c AV |e 20130222 |h 791.437 BOL |p 005500010566 |q 005500010566 |t DVD |y 23 | ||
| 901 | |a BIBL5-2008-1 | ||
| 922 | |a 5ΕΛΗ |b 2012-11 |c Βιβλιοθήκη Σύρου |d Κισκάκη Μαρία | ||
| 970 | |a Κοντού |b Παρασκευή |z 22/02/2013 | ||